000 01168nam0a2200361 i 4500
001 RU\NLR\BIBL_A\010904303
005 20260406121312.0
010 _a9785699821600
_95000
021 _aRU
_b2015-83705
_95106
035 _a(NILC)RuMoRGB-008053493
035 _a(NLR Aleph) 010904303
090 _a10606347
_c10606347
100 _a20151120d2015 u y0rusy50 ca
101 0 _arus
102 _aRU
105 _ay|||z|||000ay
200 1 _aСтилист
_fАлександра Маринина
210 _aМосква
_cИзд-во "Э"
_d2015
215 _a444, [1] с.
_d17
225 1 _aСпец. цена
225 1 _aМеньше, чем спеццена
320 _aДр. произведения авт. на 2-й с.
333 _a16+
675 _a821.161.1
686 2 _aШ6(2=Р)75-446
700 1 _8rus
_7ca
_aМаринина
_bА. Б.
_gАлександра Борисовна
_f1957-
_3RU\NLR\AUTH\77515
_9110564
801 0 _aRU
_bРГБ
_c20151027
_gRCR
801 1 _aRU
_bРГБ
_c20151027
_2rusmarc
942 _cBOOK
980 _aNBR